000 01099nam a22002537a 4500
999 _c63879
_d63879
005 20240530110703.0
008 171225s2011 ua a g b 000 0dara d
017 _a2011/5833
_bمصر. دار الكتب
020 _a9789774218473
040 _aEG-CaGPL
_cEG-CaGPL
082 0 4 _221
_a962.4\
_bم إ
100 0 _aمصطفى محمد سعد
245 1 2 _aالاسلام والنوبة فى العصور الوسطى :
_bبحث فى تاريخ السودان وحضارته حتى القرن السادس عشر الميلادى /
_cمصطفى محمد سعد .
250 _aط.1
260 _aالقاهرة :
_bالهيئة المصرية العامة للكتاب ،
_c2011 .
300 _a288 ص. :
_bصور ؛
_c24 سم.
504 _aببليوجرافية : ص 267 - 282
650 0 7 _2qrmak
_aالاسلام
_yالسودان
651 0 7 _2qrmak
_aالسودان
_xتاريخ
_yالعصر الاسلامى
651 0 7 _2qrmak
_aالنوبة
_xتاريخ
651 0 7 _2qrmak
_aالسودان فى الاسلام
942 _2ddc
_cBK